000
00220nam a22000857a 4500
008
170612b xxu||||| |||| 00| 0 eng d
100
_9
3358
_a
Prachi
245
_a
Edgeways multi skill english
260
_a
New Delhi
_b
Prachi
_c
2010
999
_c
6696
_d
6696